LS Constituencies of Tamil Nadu - Statistics

General Stats
  • This quiz has been taken 26 times
  • The average score is 22 of 39
Answer Stats
Answer % Correct
Coimbatore
88%
Salem
88%
Tiruchirappalli
88%
Chennai North
82%
Chennai South
82%
Madurai
82%
Tirunelveli
82%
Cuddalore
76%
Chennai Central
71%
Theni
71%
Tiruppur
71%
Villupuram
71%
Erode
65%
Kanniyakumari
65%
Krishnagiri
65%
Nagapattinam
65%
Vellore
65%
Dharmapuri
59%
Karur
59%
Nilgiris
59%
Virudhunagar
59%
Namakkal
53%
Perambalur
53%
Thoothukudi
53%
Chidambaram
47%
Dindigul
47%
Sivaganga
47%
Thanjavur
47%
Kancheepuram
41%
Ramanathapuram
41%
Thiruvallur
41%
Tiruvannamalai
41%
Arakkonam
35%
Kallakurichi
35%
Tenkasi
35%
Arani
29%
Sriperumbudur
29%
Pollachi
24%
Mayiladuturai
12%
No matching quizzes found
Score Distribution
Percent of People with Each Score
Percentile by Number Answered
Your Score History
You have not taken this quiz